'D' is for Draco Quiz Stats

 Plays Quiz not verified by Sporcle

Challenge
Share
Tweet
Embed
Score 0/46 Timer 07:00
0 Plays Today
Hint Answer % Correct
A House-ElfDobby
93.5%
Triwizard Champion Cedric _______Diggory
92.8%
Lord Voldemort's followersDeath Eaters
92.7%
Organisation started by Harry, Ron, and Hermione their 5th yearDumbledore's Army
92.5%
Harry's cousinDudley Dursley
92.2%
Albus, Aberforth, and ArianaDumbledore
92%
Slytherin student _____ MalfoyDraco
92%
Gryffindor student ____ ThomasDean
91.3%
Triwizard Champion Fleur ________Delacour
91%
Senior Undersecretary ________ UmbridgeDolores
90.4%
Creature that feeds off human happinessDementor
90.3%
Class taught by Professor TrelawneyDivination
90.1%
Creature Hagrid wanted for a petDragon
89.9%
Most widely-read wizarding newspaperThe Daily Prophet
89.1%
Wizarding shopping area in LondonDiagon Alley
88.9%
Three objects that would make one the Master of DeathDeathly Hallows
88.9%
A wizarding schoolDurmstrang Institute
87.7%
Class that has been cursed for a number of yearsDefense Against the Dark Arts
87.4%
Symbol of Lord VoldemortDark Mark
85.2%
Member of the Order of the Phoenix Elphias ____Doge
84%
Colin Creevey's younger brotherDennis
83.4%
Device used to remove light sourcesDeluminator
81.6%
Name by which Voldemort is referred to by his followersDark Lord
80.9%
Hint Answer % Correct
Headmaster Armando _______Dippet
80.4%
Death Eater Antonin ______Dolohov
80.2%
Head of the Goblin Liaison Office ____ CresswellDirk
70.5%
Magical stink bombDungbomb
65.2%
Dangerous magical plant that prefers dark, damp areasDevil's Snare
57.5%
A member of the Order of the Phoenix, _______ ______Dedalus Diggle
56.7%
Severing CharmDiffindo
51.5%
Extremely powerful sleeping potionDraught of Living Death
50.7%
Objects such as Secrecy Sensors, Probity Probes, Sneakoscopes, and Foe-GlassDark Detectors
43.3%
Brand of chewing gumDrooble's Best Blowing Gum
42.8%
Bill Weasley's daughterDominique
40.6%
Magical plant that can be used to heal woundsDittany
40.4%
Fairy-like creature covered in thick black hairDoxy
38.7%
Former Healer and Headmistress at HogwartsDilys Derwent
36.9%
A hex that makes the victim's teeth grow rapidlyDensaugeo
32.9%
Spell that causes a targeted object to move downwardsDescendo
28.8%
Weasleys' Wizard Wheezes product that causes a diversionDecoy Detonator
26.3%
Spell that hides objects and humansDisillusionment Charm
23.7%
Store that sells magical instrumentsDervish & Banges
23.7%
Banishing CharmDepulso
20.6%
Spell used to turn its target to stoneDuro
17.6%
Gouging SpellDefodio
13.3%
Spell that causes immense downward pressure on its targetDeprimo
12.3%

You're not logged in!

Compare scores with friends on all Sporcle quizzes.
Join for Free
OR
Log In

You Might Also Like...

Show Comments

Extras

Top Quizzes Today


Score Distribution

Your Account Isn't Verified!

In order to create a playlist on Sporcle, you need to verify the email address you used during registration. Go to your Sporcle Settings to finish the process.

Report this User

Report this user for behavior that violates our Community Guidelines.

Details: